000 00519nam a2200181Ia 4500
005 20260415160349.0
008 008 250505s9999 xx 000 0 eng d
037 _aTextual
040 _aFEDL
_beng
_cFEDL
041 _aeng
_2eng
084 _a372.3 HUT
_qFEDL
100 _aHutchinson Margaret M.
_9755890
245 0 _aChildren as naturalists
260 _aLondon, UK
_bGeogre Allen and Unwin Ltd
_c1947
300 _a184p.
942 _cTEXL
_h372.3 HUT
999 _c1322129
_d1322129